Statystyki dla Hiszpańskie czasowniki

Kliknij tutaj aby rozwiązać quiz!

Ogólne statystyki

  • Ten quiz został rozwiązany 87 razy
  • Średni wynik to 16 z 25

Statystyki odpowiedzi

EspañolPolski% Poprawnych
beberpić
88%
bailartańczyć
88%
comerjeść
85%
escribirpisać
84%
cantarśpiewać
84%
iriść
82%
estarbyć
81%
leerczytać
79%
tenermieć
79%
escucharsłuchać
79%
dormirspać
76%
hablarrozmawiać
69%
hacerrobić
68%
correrbiegać
60%
viajarpodróżować
59%
verwidzieć
57%
dardawać
56%
abrerotwierać
50%
cerrarzamykać
47%
nadarpływać
46%
pensarmyśleć
41%
limpiarsprzątać
37%
pedirpytać / prosić
34%
saltarskakać
26%
levantarpodnosić
16%

Rozkład punktacji

Percentyl według liczby udzielonych odpowiedzi

Procent ludzi z każdym wynikiem

Twoja historia wyników

Nie rozwiązałeś tego quizu